Random spanish words 2.0 - Statistics

General Stats
  • This quiz has been taken 368 times
  • The average score is 8 of 15
Answer Stats
Spanish Translation to english % Correct
Libro Book
91%
Pescado Fish
87%
Fuego Fire
85%
Hijo Son
85%
Palabra Word
78%
Cama Bed
72%
Idioma Language
61%
Correr To run
53%
Vuelo Flight
41%
Llorar To cry
40%
Soldado Soldier
39%
Escocia Scotland
37%
Soga Rope
11%
Tela Cloth
7%
Piel Fur
5%
No matching quizzes found
Score Distribution
Percent of People with Each Score
Percentile by Number Answered
Your Score History
You have not taken this quiz